Every Town of Salem (+Spinoffs) Roles - Statistics

General Stats
  • This quiz has been taken 125 times
    87 since last reset
  • The average score is 111 of 156
Answer Stats
Hint Answer % Correct
ToS (TP) | ToS2 (TP) Trapper
91%
TiS (TI) | ToS (TI) | ToS2 (TI) Investigator
88%
ToS (TK) | ToS2 (TPow) Jailor
88%
TiS (TU) | ToS (TI) | ToS2 (TI) Lookout
88%
TiS (TPow) | ToS (TS) | ToS2 (TPow) Mayor
88%
TiS (TU) | ToS (TI) | ToS2 (TI) Psychic
88%
TiS (TrP) | ToS (NK) | ToS2 (NK) Serial Killer
88%
TiS (TPow) | ToS (TK) | ToS2 (TK) Veteran
88%
ToS (TP) | ToS2 (TP) Bodyguard
86%
ToS (CE) | ToS2 (CP) Coven Leader
86%
ToS (TP) | ToS2 (TP) Crusader
86%
ToS (MK) Mafioso
86%
TiS (TI) | ToS (TI) | ToS2 (TI) Sheriff
86%
ToS (TI) | ToS2 (TI) Spy
86%
ToS (TP) Doctor
84%
ToS (MK) Godfather
84%
TiS (TrU) | ToS (NE) | ToS2 (NE) Jester
84%
ToS (TS) | ToS2 (TS) Retributionist
84%
TiS (TI) | ToS (TI) | ToS2 (TI) Tracker
84%
ToS (NK) | ToS2 (NK) Werewolf
84%
TiS (TrD) | ToS (NK) | ToS2 (NK) Arsonist
81%
ToS2 (CK) Conjurer
81%
ToS (TS) Escort
81%
TiS (TrU) | ToS (NE) | ToS2 (NE) Executioner
81%
ToS2 (TPow) Monarch
81%
ToS (NC) | ToS2 (V) Vampire
81%
TiS (TPow) | ToS (TK) | ToS2 (TK) Vigilante
81%
ToS (NE) | ToS2 (CP) Witch
81%
ToS2 (NA) Baker
79%
ToS2 (CS) Cursed Soul
79%
ToS2 (NA) Death
79%
ToS2 (NA) Famine
79%
Tos2 (TPow) Marshal
79%
ToS (CE) | ToS2 (CD) Medusa
79%
ToS (CE) | ToS2 (CU) Potion Master
79%
ToS2 (TP) Cleric
77%
ToS (MD) Forger
77%
ToS (NC) | ToS2 (NE) Pirate
77%
ToS (NC) | ToS2 (NA) Plaguebearer
77%
ToS (MD) Framer
74%
TiS (TrP) | ToS (CE) | ToS2 (CP) Hex Master
74%
ToS2 (NK) Shroud
74%
ToS2 (NA) War
74%
ToS (MS) Consort
72%
ToS (NB) | ToS2 (TS) Amnesiac
70%
ToS2 (NA) Berserker
70%
TiS (TrP) | ToS (CE) | ToS2 (CU) Necromancer
70%
ToS (NC) | ToS2 (NA) Pestilence
70%
TiS (TrD) | ToS (CE) | ToS2 (CU) Poisoner
70%
ToS2 (NA) Soul Collector
70%
ToS (NB) Survivor
70%
ToS2 (TS) Tavern Keeper
70%
ToS (MK) Ambusher
67%
TiS (TI) | ToS (TS) Medium
67%
TiS (TPow) | ToS2 (TPow) Prosecutor
67%
ToS2 (TK) Trickster
67%
ToS (TK) Vampire Hunter
67%
TiS (TU) | ToS2 (TI) Coroner
65%
ToS2 (CK) Jinx
65%
BetterToS (NE) | BetterToS2 (NP) Judge
65%
BetterToS2 (NP) Starspawn
65%
TiS (TU) | ToS (TS) Transporter
65%
ToS (MS) Blackmailer
63%
ToS (NB) Guardian Angel
63%
ToS (MS) Consigliere
60%
ToS2 (CK) Ritualist
60%
TiS (TI) | ToS2 (TI) Seer
60%
ToS2 (CU) Voodoo Master
60%
TiS (TrU) | ToS2 (CU) Wildling
60%
BetterToS (NE) | BetterToS2 (NP) Auditor
58%
ToS2 (NE) Doomsayer
58%
TiS (TrD) | ToS2 (CD) Illusionist
58%
ToS (MD) Janitor
58%
ToS (NK) Juggernaut
58%
BetterToS2 (TP) Oracle
58%
ToS2 (TS) Admirer
56%
ToS2 (TK) Deputy
56%
TiS (TrD) | ToS (MD) Disguiser
56%
ToS2 (CD) Dreamweaver
56%
ToS2 (CD) Enchanter
51%
BetterToS (NC) | BetterToS2 (NS) Jackal
51%
ToS2 (TS) Socialite
51%
BetterToS (CE) | BetterToS2 (CD) | TiS (TrU) Banshee
47%
ToS (MD) Hypnotist
47%
BetterToS2 (NE) | TiS (TrU) Inquisitor
42%
BetterToS (TS) Marshall
42%
TiS (TPow) King
40%
TiS (Tr) Traitor
40%
BetterToS (MS) Agent
35%
BetterToS (MK) Kidnapper
33%
BetterToS (MD) Beguiler
30%
BetterToS (TP) Handler
30%
TiS (TrD) Wraith
30%
TiS (TrP) Cultist
28%
TiS (TU) Saint
28%
TiS (T) Townie
28%
No matching quizzes found
Score Distribution
Percent of People with Each Score
Percentile by Number Answered
Your Score History
You have not taken this quiz since the last reset